000 00940nam a22002177a 4500
005 20171129124500.0
010 _aUR-9882
020 6 _c30.00
035 _aU-8437
037 _bDBAD/PUB
082 _a270.
100 _aپر و فیسر عمر حیا ت خا ن غو ر ی
245 _a مسلم پرسنل لا پر ا عتر ا ضا ت کی حقیقت
_cپر و فیسر عمر حیا ت خا ن غو ر ی
246 _b
_aMuslim Personal Law Par Aitarazat ki Haqeeqat
250 _aby Umer Hayat Khan Ghouri
260 _a نئی د لی
_bMerkazi Maktaba Islami Publishers
_c1996
270 _a1353,Chitli Qaber ,
_b Delhi
_e110006
_k-
_l-
300 _a144ص
_c22 Cm.(B.b)
500 _aدو حصہ
942 _2ddc
_cUR
_h270
_mغ و ر
_e
999 _c147121
_d147121